| 000 | 02528nam a22002417a 4500 | ||
|---|---|---|---|
| 001 | 6726 | ||
| 003 | FISKH | ||
| 005 | 20250522164947.0 | ||
| 008 | 250522b cb ||||| |||| 00| 0 eng d | ||
| 020 | _a9789996354908 | ||
| 040 |
_aFISKH _bkhr _cFISKH _dFISKH |
||
| 082 | _a333.9109596 | ||
| 100 | _aSokheng, Kong | ||
| 245 |
_aឈ្វេងយល់អំពី ទឹក ក្នុងអរិយធម៌ខ្មែរ / _cរៀបរៀង និងចងក្រងដោយ លោក គង់ សុខហេង |
||
| 260 |
_aភ្នំពេញ : _bពេជ្រ ណែត , _c2010. |
||
| 300 |
_a302 pages : _billustrations ; _c21 cm . |
||
| 520 | _aសៀវភៅ ឈ្វេងយល់អំពីទឹក ក្នុងអរិយធម៌ខ្មែរ ដែលរៀបរៀងដោយលោក គង់ សុខហេង គឺជាការសិក្សាដែលបង្ហាញពីតួនាទីសំខាន់របស់ទឹកក្នុងបរិបទវប្បធម៌ និងសង្គមខ្មែរ។សៀវភៅនេះពិចារណាអំពីទឹកមិនត្រឹមតែជាធនធានធម្មជាតិទេ ប៉ុន្តែជាសញ្ញាសំខាន់ក្នុងការបង្ហាញពីទំនាក់ទំនងរវាងមនុស្ស និងធម្មជាតិ។ វាត្រូវបានប្រើប្រាស់ក្នុងពិធីបុណ្យ សាសនាខ្មែរ និងជាផ្នែកមួយនៃការបង្ហាញពីការរស់នៅប្រកបដោយសីលធម៌ និងការទទួលខុសត្រូវต่อបរិស្ថាន។ | ||
| 520 | _aThe book "Understanding Water in Khmer Civilization", compiled by Kong Sokheng, is a study that highlights the vital role of water within the context of Khmer culture and society. This book explores water not merely as a natural resource, but as a significant symbol representing the relationship between humans and nature. It is used in traditional ceremonies, Khmer religious practices, and serves as a key element reflecting a way of life rooted in morality and responsibility toward the environment. | ||
| 650 | _a ទឹក -- ប្រទេសកម្ពុជា -- ការគ្រប់គ្រង | ||
| 650 | _awater-Cambodia-Management | ||
| 942 |
_2ddc _cKHB _n0 |
||
| 999 |
_c6726 _d6726 |
||